LIBRARY & INFORMATION CENTRE, KCAET, TAVANUR

ONLINE PUBLIC ACCESS CATALOGUE (OPAC)

IMPACT OF SOIL AND WATER CONSERVATION MEASURES ON IRRIGATION WATER QUALITY AND LULC CHANGES IN PERUMATTY PANCHAYATH (Record no. 19626)

MARC details
000 -LEADER
fixed length control field 00652nam a22001937a 4500
003 - CONTROL NUMBER IDENTIFIER
control field OSt
082 ## - DEWEY DECIMAL CLASSIFICATION NUMBER
Classification number 631.587
Item number MID/IM
088 ## - REPORT NUMBER
Report number P 651
100 ## - MAIN ENTRY--AUTHOR NAME
Personal name MIDHUN S
100 ## - MAIN ENTRY--AUTHOR NAME
Personal name ANN MARIA PETER
100 ## - MAIN ENTRY--AUTHOR NAME
Personal name MEENAKSHI MADHUMOHAN
100 ## - MAIN ENTRY--AUTHOR NAME
Personal name NASLA SHARIN P
245 ## - TITLE STATEMENT
Title IMPACT OF SOIL AND WATER CONSERVATION MEASURES ON IRRIGATION WATER QUALITY AND LULC CHANGES IN PERUMATTY PANCHAYATH
260 ## - PUBLICATION, DISTRIBUTION, ETC. (IMPRINT)
Place of publication Tavanur
Name of publisher DEPARTMENT OF SOIL AND WATER CONSERVATION ENGINEERING
Year of publication 2025
700 ## - ADDED ENTRY--PERSONAL NAME
Personal name Abdul Hakkim V M
856 ## - ELECTRONIC LOCATION AND ACCESS
Uniform Resource Identifier http://14.139.181.140:8080/jspui/handle/123456789/2195
942 ## - ADDED ENTRY ELEMENTS (KOHA)
Koha item type Project Report
Holdings
Collection code Home library Current library Full call number Accession Number Koha item type
Reference KAUAET KAUAET 631.587 MID/IM P 651 Project Report
free website counter